Online katalóg knižníc regiónu Turca

Poviedky (Record no. 20471)

MARC details
000 -LEADER
fixed length control field 01755nam a2200493 a 4500
001 - CONTROL NUMBER
control field 20471
003 - CONTROL NUMBER IDENTIFIER
control field VRT
005 - DATE AND TIME OF LATEST TRANSACTION
control field 20260122144547.0
008 - FIXED-LENGTH DATA ELEMENTS--GENERAL INFORMATION
fixed length control field 961209q1995 xo p 000 1 slo c
020 ## - INTERNATIONAL STANDARD BOOK NUMBER
International Standard Book Number 8088834279 (brož.)
035 ## - SYSTEM CONTROL NUMBER
System control number UKB000210388
039 #9 - LEVEL OF BIBLIOGRAPHIC CONTROL AND CODING DETAIL [OBSOLETE]
Level of rules in bibliographic description 202404091532
Level of effort used to assign nonsubject heading access points AUTHORITY
Level of effort used to assign subject headings 201104261217
Level of effort used to assign classification gluc
040 ## - CATALOGING SOURCE
Original cataloging agency BAA001
Language of cataloging slo
Transcribing agency BAA001
Description conventions AACR2
041 1# - LANGUAGE CODE
Language code of text/sound track or separate title slo
-- spa
Language code of original eng
044 ## - COUNTRY OF PUBLISHING/PRODUCING ENTITY CODE
MARC country code xo
ISO country code SK
080 ## - UNIVERSAL DECIMAL CLASSIFICATION NUMBER
Universal Decimal Classification number 820-31
080 ## - UNIVERSAL DECIMAL CLASSIFICATION NUMBER
Universal Decimal Classification number 860-31
100 1# - MAIN ENTRY--PERSONAL NAME
Personal name Cervantes y Saavedra, Miguel de,
Dates associated with a name 1547-1616
243 10 - COLLECTIVE UNIFORM TITLE
Uniform title <a href="Renesančná próza">Renesančná próza</a>
245 00 - TITLE STATEMENT
Title Poviedky
Remainder of title výber z tvorby
Statement of responsibility, etc. Miguel de Cervantes Saavedra, Geofrey Chaucer ; [prel. Jozef Felix ... et al.]
260 ## - PUBLICATION, DISTRIBUTION, ETC.
Place of publication, distribution, etc. Rohovce
Name of publisher, distributor, etc. Interpopulart Slovakia
Date of publication, distribution, etc. [1995]
300 ## - PHYSICAL DESCRIPTION
Extent 126 s.
490 1# - SERIES STATEMENT
Series statement Populart. Študentská knižnica
Volume/sequential designation 28
500 ## - GENERAL NOTE
General note Renesančná próza
504 ## - BIBLIOGRAPHY, ETC. NOTE
Bibliography, etc. note Bibliogr. s. 124
505 1# - FORMATTED CONTENTS NOTE
Formatted contents note Don Quijote ; Príkladné novely / M. de Cervantes Saavedra ; Canterburské poviedky / G. Chaucer
650 07 - SUBJECT ADDED ENTRY--TOPICAL TERM
Topical term or geographic name entry element literatúra anglická renesančná
650 07 - SUBJECT ADDED ENTRY--TOPICAL TERM
Topical term or geographic name entry element literatúra španielska renesančná
650 07 - SUBJECT ADDED ENTRY--TOPICAL TERM
Topical term or geographic name entry element romány
653 ## - INDEX TERM--UNCONTROLLED
Uncontrolled term 820-31
653 ## - INDEX TERM--UNCONTROLLED
Uncontrolled term 860-31
700 1# - ADDED ENTRY--PERSONAL NAME
Personal name Chaucer, Geoffrey,
Dates associated with a name 1340-1400
Relationship aut
700 1# - ADDED ENTRY--PERSONAL NAME
Personal name Felix, Jozef,
Dates associated with a name 1913-1977
Relationship trl
760 1# - MAIN SERIES ENTRY
Title Populart. Študentská knižnica
774 0# - CONSTITUENT UNIT ENTRY
Title Don Quijote
Main entry heading Cervantes y Saavedra, Miguel de, 1547-1616
774 0# - CONSTITUENT UNIT ENTRY
Title Príkladné novely
Main entry heading Cervantes y Saavedra, Miguel de, 1547-1616
774 0# - CONSTITUENT UNIT ENTRY
Title Canterburské poviedky, Geofrey, 1340-1400
830 #0 - SERIES ADDED ENTRY--UNIFORM TITLE
Uniform title Populart. Študentská knižnica
Volume/sequential designation 28
910 ## - USER-OPTION DATA (OCLC)
User-option data ukb
942 ## - ADDED ENTRY ELEMENTS (KOHA)
Source of classification or shelving scheme Dewey Decimal Classification
Koha item type Krásna literatúra pre dospelých
Suppress in OPAC No
949 ## - LOCAL PROCESSING INFORMATION (OCLC)
6 1800009244
a 30.D.66680
b PV.5675-96
949 ## - LOCAL PROCESSING INFORMATION (OCLC)
6 1800009243
a SL.D.24703
b PV.5676-96
949 ## - LOCAL PROCESSING INFORMATION (OCLC)
6 1800065038
a 30.D.66680
b NA.238-99
Holdings
Stav vyradenia Strata Poškodenie Spôsob nadobudnutia Domovská knižnica Aktuálna knižnica Dátum nadobudnutia Total checkouts Čiarový kód exemplára Date last seen Typ exemplára
      Dar Obecná knižnica Horná Štubňa Obecná knižnica Horná Štubňa 22.01.2026   8088834279 22.01.2026 Krásna literatúra pre dospelých
Projekt je podporený Slovenskou asociáciou knižníc
Prevádzkuje Turčianska knižnica Martin 2026